Deutsche Biersorten - Statistiken

Allgemein
  • Dieses Quiz wurde 1.142 mal gespielt
  • Das Durchschnittsergebnis liegt bei 6 aus 18
Antwortstatistiken
Antwort % Korrekt
Pils
87%
Weizen
81%
Helles
70%
Kölsch
59%
Dunkles
42%
Altbier
39%
Bock
35%
Lager
35%
Schwarzbier
34%
Export
31%
Zwickel
31%
Märzen
13%
Rauchbier
11%
Berliner Weisse
9%
Rotbier
8%
Gose
5%
Porter
5%
Sauerbier
2%
Keine übereinstimmenden Quizze gefunden
Verteilung der Resultate
Anzahl Personen mit jedem Resultat
Perzentil nach korrekt beantworteten Fragen
Ihre Resultats-Entwicklung
Sie haben dieses Quiz noch nicht gespielt